00578nam a2200205 i 450000100060000000300090000600500170001500700030003200800410003502000180007608000210009410000180011524500530013326000340018630000300022049000280025060000330027883000280031185200330033973367ES-MaACL20230906171758.0t|041005s2004 sp ||||1| spa d a84-306-0543-6 a929 Avia, Amalia1 aAvia, Amalia.10aDe puertas adentro b: memorias / cAmalia Avia. a[Madrid] : bTaurus, c[2004] a390 p. : bil. ; c24 cm.1 aMemorias y biografías14aAvia, Amalia-xBiografías.0 aMemorias y biografías aES-MaACLjL-28162 bR.134069